Language Quiz

Random Language Quiz
Score 0/20 Timer 10:00
0 Plays Today
Hint Answer % Correct
tắtけします
100%
mởあけます
93.3%
đợi chờまちます
93.3%
nói chuyệnはなします
93.3%
đóngしめます
86.7%
dừng đỗとめます
86.7%
mang cầmもちます
86.7%
gọi taxiよびます
86.7%
bậtつけます
80%
lấyとります
80%
Hint Answer % Correct
cho biếtおしえます
80%
bắt đầuはじめます
80%
rẽまがります
73.3%
cho xemみせます
73.3%
rơiふります
73.3%
copyコピーします
73.3%
hộ chiếuパスポート
73.3%
vội gấpいそぎます
66.7%
giúp làm việcてつだいます
66.7%
máy điều hòaエアコン
66.7%
Remove Ads.
Support Sporcle.
Get the best of Sporcle when you Go Orange. This ad-free experience offers more features, more stats, and more fun while also helping to support Sporcle. Thank you for becoming a member.

You're not logged in!

Compare scores with friends on all Sporcle quizzes.
OR
Log In

Show Comments

Extras

Created Sep 24, 2019ReportNominate

Top Quizzes Today


Score Distribution

Your Account Isn't Verified!

In order to create a playlist on Sporcle, you need to verify the email address you used during registration. Go to your Sporcle Settings to finish the process.

Report this User

Report this user for behavior that violates our Community Guidelines.

Details: